01329nam a2200277 a 4500001001000000005001700010008004100027041000800068044000700076084002100083100004500104245011200149260006000261300002200321500016200343500011900505500006900624500006100693500005100754500000900805650005200814650005600866650003400922650004500956740005001001BRCA_240120190320203806.0121108s1697----be-a---###---#000-0#spa-u aspa abe a042b.V474c16971 aCervantes Saavedra, Miguel ded1547-161610aVida y hechos del Ingenioso Cavallero Don Quixote de la Manchaccompuesta por Miguel de Cervantes Saavedra. aAmberes (Bélgica)bHenrico y Cornelio Verdussenc1697 a2 v.bil.c18 cm. aContenido : v 1. Prólogo del autor. Versos preliminares. Aprovación y suma del privilegio. Texto. -- v 2. Prólogo del autor. Versos preliminares. texto aEdición : Nueva edición corregida y ilustrada con 32 diferentes estampas muy donosas y apropiadas a la materia aEjemplar igual al LO-041, pero más desgastado Lúdovik Osterc aEstado físico : El volumen 2 esta deteriorado del lomo aCon ex-libris de : Newton Charles Ogle Kirkley aQM2814aNovela españolayÉpoca clásica, 1500-170014aLiteratura españolayÉpoca clásica, 1500-170014aNovela españolaySiglo XVII14aDon Quijote (Personaje ficticio)eNovela0 aEl Ingenioso Hidalgo Don Quijote de la Mancha